<?xml version="1.0" encoding="UTF-8"?>
<collection xmlns="http://www.loc.gov/MARC21/slim">
  <record>
    <leader>00000nam  2200000   4500</leader>
    <controlfield tag="001">INLIS000000000006253</controlfield>
    <datafield tag="990" ind1="#" ind2="#">
      <subfield code="a">131/SP-21</subfield>
    </datafield>
    <controlfield tag="005">20240812083225</controlfield>
    <datafield tag="035" ind1="#" ind2="#">
      <subfield code="a">0010-0622000114</subfield>
    </datafield>
    <datafield tag="245" ind1="1" ind2="#">
      <subfield code="a">Di Balik Kegelapan /</subfield>
      <subfield code="c">Tilly Bagshawe; Alih bahasa, Nadya Andwiani; Editor, Bayu Anangga</subfield>
    </datafield>
    <datafield tag="100" ind1="1" ind2="#">
      <subfield code="a">BAGSHAWE, Tilly</subfield>
    </datafield>
    <datafield tag="250" ind1="#" ind2="#">
      <subfield code="a">Cetakan Ketiga Februari</subfield>
    </datafield>
    <datafield tag="300" ind1="#" ind2="#">
      <subfield code="a">520 halaman :</subfield>
      <subfield code="b">Gambar ;</subfield>
      <subfield code="c">11x18 cm</subfield>
      <subfield code="e">lampiran</subfield>
    </datafield>
    <datafield tag="260" ind1="#" ind2="#">
      <subfield code="a">Jakarta :</subfield>
      <subfield code="b">Gramedia Pustaka Utama,</subfield>
      <subfield code="c">2017</subfield>
    </datafield>
    <datafield tag="082" ind1="#" ind2="#">
      <subfield code="a">823</subfield>
    </datafield>
    <datafield tag="084" ind1="#" ind2="#">
      <subfield code="a">823 BAG d</subfield>
    </datafield>
    <datafield tag="020" ind1="#" ind2="#">
      <subfield code="a">978-602-03-2044-1</subfield>
    </datafield>
    <datafield tag="520" ind1="#" ind2="#">
      <subfield code="a">Hidup Grace Brookstein sempurna. Ia memiliki suami yang mencintainya dan harta yang berlimpah. Hingga tiba-tiba hidup Grace seakan hancur dalam semalam. Suaminya hilang saat berlayar dan ia dituduh menggelapkan uang sebesar 75 miliar dolar. Grace yakin seseorang menjebaknya, dan ia akan melakukan apa pun untuk membuktikan hal itu. Dikelilingi musuh dan tanpa seorang pun untuk dijadikan sandaran, Grace harus belajar mengandalkan diri sendiri dalam perjalanan panjang dan berbahaya yang akan mengubahnya dalam cara yang tak pernah ia bayangkan.</subfield>
    </datafield>
    <controlfield tag="008">240812################e##########f#ind##</controlfield>
    <datafield tag="650" ind1="#" ind2="4">
      <subfield code="a">Sastra Inggris</subfield>
    </datafield>
    <datafield tag="650" ind1="#" ind2="4">
      <subfield code="a">Sumbangan Pegawai 2021</subfield>
    </datafield>
    <datafield tag="504" ind1="#" ind2="#">
      <subfield code="a">Judul Asli: Sidney Sheldon's After the Darkness</subfield>
    </datafield>
    <datafield tag="856" ind1="#" ind2="#">
      <subfield code="a">OPAC (Rak Pojok Baca Perpustakaan - LSP)</subfield>
    </datafield>
    <datafield tag="700" ind1=" " ind2="#">
      <subfield code="a">NADYA Andwiani</subfield>
    </datafield>
    <datafield tag="700" ind1="1" ind2="#">
      <subfield code="a">ANANGGA, Bayu</subfield>
    </datafield>
  </record>
</collection>
